[Event "Mittelrhein Verbandsliga-S 17/18"]
[Site "Nordrheinwestfalen"]
[Date "2018.03.18"]
[Round "9.5"]
[White "Kuhn, Andreas"]
[Black "Ossowski, Rolf"]
[Result "1-0"]
[WhiteElo "1813"]
[BlackElo "1754"]
[PlyCount "47"]
[EventDate "2017.09.10"]
[EventType "team-tourn"]
[EventRounds "11"]
[EventCountry "GER"]
[SourceTitle "EXT 2022"]
[Source "ChessBase"]
[SourceDate "2021.10.06"]
[SourceVersion "1"]
[SourceVersionDate "2021.10.06"]
[SourceQuality "1"]
[WhiteTeam "Niederkassel II"]
[BlackTeam "Lohmar"]
[WhiteTeamCountry "GER"]
[BlackTeamCountry "GER"]

1. d4 Nf6 2. c4 g6 3. g3 Bg7 4. Bg2 c5 5. Nf3 0-0 6. 0-0 cxd4 7. Nxd4 Nc6 8. Nc3 Nxd4 9. Qxd4 d6 10. Qd3 Rb8 11. Be3 a6 12. Ba7 Ra8 13. Bd4 Rb8 14. Rad1 Be6 15. e4 Nd7 16. Bxg7 Kxg7 17. b3 Re8 18. f4 f5 19. Rfe1 Kf8 20. Kh1 Qa5 21. Qd4 Nf6 22. e5 Ne4 23. Nxe4 dxe5 24. Qc3 1-0

[Event "Mittelrhein Verbandsliga-S 17/18"]
[Site "Nordrheinwestfalen"]
[Date "2018.02.25"]
[Round "8.5"]
[White "Ossowski, Rolf"]
[Black "Hilpert, Rainer"]
[Result "0-1"]
[WhiteElo "1754"]
[BlackElo "1935"]
[PlyCount "38"]
[EventDate "2017.09.10"]
[EventType "team-tourn"]
[EventRounds "11"]
[EventCountry "GER"]
[SourceTitle "EXT 2022"]
[Source "ChessBase"]
[SourceDate "2021.10.06"]
[SourceVersion "1"]
[SourceVersionDate "2021.10.06"]
[SourceQuality "1"]
[WhiteTeam "Lohmar"]
[BlackTeam "Rheinbacher SF"]
[WhiteTeamCountry "GER"]
[BlackTeamCountry "GER"]

1. e4 c6 2. d4 d5 3. e5 Bf5 4. Nf3 e6 5. Be3 Nd7 6. Nbd2 Ne7 7. Nh4 Qc7 8. g4 Bg6 9. Be2 c5 10. Nxg6 hxg6 11. c3 Nc6 12. Kf1 Be7 13. Kg2 0-0-0 14. f4 f6 15. g5 Rh7 16. Qc2 Rdh8 17. h3 Qd8 18. Qxg6 Nf8 19. Qf7 g6 0-1

[Event "Mittelrhein Verbandsliga-S 17/18"]
[Site "Nordrheinwestfalen"]
[Date "2017.10.22"]
[Round "3.3"]
[White "Ossowski, Rolf"]
[Black "Schmidt, Kai Uwe"]
[Result "0-1"]
[WhiteElo "1825"]
[BlackElo "1940"]
[PlyCount "90"]
[EventDate "2017.09.10"]
[EventType "team-tourn"]
[EventRounds "11"]
[EventCountry "GER"]
[SourceTitle "EXT 2022"]
[Source "ChessBase"]
[SourceDate "2021.10.06"]
[SourceVersion "1"]
[SourceVersionDate "2021.10.06"]
[SourceQuality "1"]
[WhiteTeam "Lohmar"]
[BlackTeam "Koeln SF III"]
[WhiteTeamCountry "GER"]
[BlackTeamCountry "GER"]

1. e4 c5 2. Nf3 Nc6 3. d4 cxd4 4. Nxd4 e6 5. Nb5 d6 6. c4 Nf6 7. N1c3 a6 8. Na3 Be7 9. Be3 b6 10. Be2 Bb7 11. f3 0-0 12. Qd2 Rc8 13. 0-0 Ne5 14. Rfd1 Qc7 15. Rac1 Qb8 16. Na4 Nfd7 17. f4 Ng6 18. Bf3 Bc6 19. Nc3 Nh4 20. b4 Nxf3+ 21. gxf3 b5 22. cxb5 axb5 23. Qd3 f5 24. Naxb5 fxe4 25. fxe4 Nf6 26. Na7 Qxb4 27. Nxc8 Rxc8 28. e5 dxe5 29. Rb1 Qa5 30. fxe5 Qxe5 31. Bd4 Bc5 32. Bxc5 Qg5+ 33. Kf1 Bg2+ 34. Ke1 Qxc5 35. Rbc1 Qg1+ 36. Kd2 Qf2+ 37. Qe2 Qd4+ 38. Ke1 Qg1+ 39. Kd2 Qd4+ 40. Ke1 Qh4+ 41. Kd2 Bh3 42. Qe5 Bf5 43. Qg3 Qb4 44. Re1 Qb2+ 45. Kd1 Rd8+ 0-1

[Event "Mittelrhein Verbandsliga-O 15/16"]
[Site "Nordrheinwestfalen"]
[Date "2016.04.10"]
[Round "10"]
[White "Ossowski, Rolf"]
[Black "Pahl, Stefan"]
[Result "1-0"]
[WhiteElo "1793"]
[BlackElo "1222"]
[PlyCount "43"]
[EventDate "2015.09.06"]
[EventType "team-tourn"]
[EventRounds "11"]
[EventCountry "GER"]
[SourceTitle "EXT 2022"]
[Source "ChessBase"]
[SourceDate "2021.10.06"]
[SourceVersion "1"]
[SourceVersionDate "2021.10.06"]
[SourceQuality "1"]
[WhiteTeam "Lohmar"]
[BlackTeam "Bonn Beuel II"]
[WhiteTeamCountry "GER"]
[BlackTeamCountry "GER"]

1. e4 e5 2. Nf3 Nf6 3. Nxe5 d6 4. Nxf7 Kxf7 5. d4 Qe8 6. Nc3 a6 7. Bd3 d5 8. e5 Qe6 9. 0-0 Nfd7 10. f4 Kg8 11. f5 Qb6 12. Be3 Nxe5 13. Nxd5 Qd6 14. Be4 Nf7 15. Bf4 Qd7 16. Qg4 Be7 17. c3 Kf8 18. Nxc7 h5 19. Qg6 Rh6 20. Bxh6 Qxc7 21. Qxg7+ Ke8 22. Qg8+ 1-0

[Event "Mittelrhein Verbandsliga-O 15/16"]
[Site "Nordrheinwestfalen"]
[Date "2016.03.13"]
[Round "9"]
[White "Ossowski, Rolf"]
[Black "Kohlhas, Christopher"]
[Result "1/2-1/2"]
[WhiteElo "1832"]
[BlackElo "1842"]
[PlyCount "47"]
[EventDate "2015.09.06"]
[EventType "team-tourn"]
[EventRounds "11"]
[EventCountry "GER"]
[SourceTitle "EXT 2022"]
[Source "ChessBase"]
[SourceDate "2021.10.06"]
[SourceVersion "1"]
[SourceVersionDate "2021.10.06"]
[SourceQuality "1"]
[WhiteTeam "Lohmar"]
[BlackTeam "Rheinbacher SF"]
[WhiteTeamCountry "GER"]
[BlackTeamCountry "GER"]

1. e4 e5 2. Nf3 Nf6 3. Nxe5 d6 4. Nxf7 Kxf7 5. d4 c5 6. dxc5 Qa5+ 7. Nc3 Qxc5 8. Be3 Qa5 9. Bc4+ Be6 10. Bxe6+ Kxe6 11. 0-0 Be7 12. Qe2 Rc8 13. g4 g5 14. f4 gxf4 15. Rxf4 Nbd7 16. Kh1 Qa6 17. Nb5 Ne5 18. g5 Ne8 19. Qh5 Kd7 20. Qh3+ Kd8 21. Nd4 Qc4 22. Ne6+ Kd7 23. Nf8+ Kd8 24. Ne6+ 1/2-1/2

[Event "Mittelrhein Verbandsliga-O 15/16"]
[Site "Nordrheinwestfalen"]
[Date "2016.02.21"]
[Round "8"]
[White "Ossowski, Rolf"]
[Black "Both, David"]
[Result "1/2-1/2"]
[WhiteElo "1832"]
[BlackElo "1816"]
[PlyCount "55"]
[EventDate "2015.09.06"]
[EventType "team-tourn"]
[EventRounds "11"]
[EventCountry "GER"]
[SourceTitle "EXT 2022"]
[Source "ChessBase"]
[SourceDate "2021.10.06"]
[SourceVersion "1"]
[SourceVersionDate "2021.10.06"]
[SourceQuality "1"]
[WhiteTeam "Lohmar"]
[BlackTeam "Troisdorf"]
[WhiteTeamCountry "GER"]
[BlackTeamCountry "GER"]

1. e4 c6 2. d4 d5 3. e5 Bf5 4. c3 e6 5. Be3 Ne7 6. Ne2 h6 7. Ng3 Bg6 8. Nd2 Nf5 9. Nxf5 Bxf5 10. Be2 Nd7 11. 0-0 Be7 12. h3 g5 13. Bh5 Rg8 14. f4 gxf4 15. Bxf4 Bg5 16. Qf3 Bxf4 17. Qxf4 Qg5 18. Qxg5 Rxg5 19. g4 Rg7 20. Kh2 Bg6 21. Bxg6 fxg6 22. Rf2 Ke7 23. Raf1 Rf8 24. Rxf8 Nxf8 25. Kg3 Rf7 26. Rxf7+ Kxf7 27. Nb3 b6 28. Nc1 1/2-1/2

[Event "Mittelrhein Verbandsliga-O 15/16"]
[Site "Nordrheinwestfalen"]
[Date "2016.01.10"]
[Round "6"]
[White "Ossowski, Rolf"]
[Black "Krebs, Dietmar"]
[Result "1-0"]
[WhiteElo "1832"]
[BlackElo "1864"]
[PlyCount "81"]
[EventDate "2015.09.06"]
[EventType "team-tourn"]
[EventRounds "11"]
[EventCountry "GER"]
[SourceTitle "EXT 2022"]
[Source "ChessBase"]
[SourceDate "2021.10.06"]
[SourceVersion "1"]
[SourceVersionDate "2021.10.06"]
[SourceQuality "1"]
[WhiteTeam "Lohmar"]
[BlackTeam "Koeln Lasker II"]
[WhiteTeamCountry "GER"]
[BlackTeamCountry "GER"]

1. e4 c5 2. Nf3 d6 3. d4 cxd4 4. Nxd4 Nf6 5. Nc3 a6 6. Be3 e5 7. Nb3 Be6 8. Qd2 Nbd7 9. 0-0-0 Qc7 10. f4 Be7 11. f5 Bc4 12. Bxc4 Qxc4 13. Na5 Qc7 14. Nd5 Nxd5 15. Qxd5 Rc8 16. c3 b6 17. Nb7 0-0 18. Nxd6 Nf6 19. Qxe5 Bxd6 20. Qxd6 Nxe4 21. Qxc7 Rxc7 22. Bxb6 Rb7 23. Bd4 f6 24. Rhe1 Ng5 25. c4 Rc8 26. b3 a5 27. Kc2 a4 28. Kc3 axb3 29. axb3 Rb5 30. c5 Rcb8 31. Rb1 Nf7 32. Re6 Kf8 33. b4 Nh6 34. c6 Nxf5 35. Ba7 Rc8 36. Kc4 Re5 37. Rxe5 fxe5 38. b5 Ke7 39. Kd5 Nd4 40. Bxd4 exd4 41. b6 1-0

[Event "Mittelrhein Verbandsliga Ost 1415"]
[Site "Mittelrhein"]
[Date "2015.03.15"]
[Round "9.6"]
[White "Hild, Detlef"]
[Black "Ossowski, Rolf"]
[Result "1/2-1/2"]
[WhiteElo "1869"]
[BlackElo "1833"]
[PlyCount "103"]
[EventDate "2014.09.07"]
[EventType "team-tourn"]
[EventRounds "11"]
[EventCountry "GER"]
[SourceTitle "EXT 2023"]
[Source "ChessBase"]
[SourceDate "2022.10.05"]
[SourceVersion "1"]
[SourceVersionDate "2022.10.05"]
[SourceQuality "1"]
[WhiteTeam "Siegburg"]
[BlackTeam "Lohmar"]
[WhiteTeamCountry "GER"]
[BlackTeamCountry "GER"]

1. e4 c5 2. Nf3 d6 3. d4 cxd4 4. Nxd4 Nf6 5. Nc3 a6 6. g3 e6 7. Bg2 Qc7 8. 0-0 Be7 9. Be3 Nc6 10. f4 0-0 11. Qe2 Bd7 12. Rad1 Nxd4 13. Rxd4 Rac8 14. Rd2 b5 15. a3 Bc6 16. Bf3 Nd7 17. Qf2 Ba8 18. g4 Nc5 19. g5 f5 20. exf5 Bxf3 21. Qxf3 Rxf5 22. Ne4 Nxe4 23. Qxe4 Kf7 24. Bd4 d5 25. Qe3 Bd6 26. Re2 Re8 27. Ref2 Kg8 28. Qd2 Ref8 29. Be3 Qc4 30. Qd3 Qxd3 31. cxd3 e5 32. fxe5 Rxf2 33. Bxf2 Bxe5 34. d4 Rxf2 35. Kxf2 Bxd4+ 36. Ke2 Bxb2 37. Rf3 g6 38. Kd2 d4 39. Kc2 Bc3 40. Kb3 a5 41. Rf6 a4+ 42. Kc2 b4 43. axb4 Bxb4 44. Rb6 Be1 45. Ra6 Bh4 46. Rxa4 Bxg5 47. Rxd4 Kf7 48. Rd7+ Be7 49. Kd3 Ke6 50. Rb7 h5 51. Ke4 Kf6 52. Rb6+ 1/2-1/2

[Event "Mittelrhein Verbandsliga Ost 1415"]
[Site "Mittelrhein"]
[Date "2015.02.22"]
[Round "8.8"]
[White "Ossowski, Rolf"]
[Black "Mathiak, Gerhard"]
[Result "1-0"]
[WhiteElo "1855"]
[BlackElo "1798"]
[PlyCount "109"]
[EventDate "2014.09.07"]
[EventType "team-tourn"]
[EventRounds "11"]
[EventCountry "GER"]
[SourceTitle "EXT 2023"]
[Source "ChessBase"]
[SourceDate "2022.10.05"]
[SourceVersion "1"]
[SourceVersionDate "2022.10.05"]
[SourceQuality "1"]
[WhiteTeam "Lohmar"]
[BlackTeam "Koeln Lasker II"]
[WhiteTeamCountry "GER"]
[BlackTeamCountry "GER"]

1. e4 c5 2. Nf3 Nc6 3. d4 cxd4 4. Nxd4 e5 5. Nb5 a6 6. Nd6+ Bxd6 7. Qxd6 Qf6 8. Qd1 Qg6 9. Nc3 d5 10. Nxd5 Qxe4+ 11. Be3 Rb8 12. Nc7+ Ke7 13. Be2 Nd4 14. Bxd4 Qxd4 15. Qxd4 exd4 16. 0-0-0 Nf6 17. Rxd4 Rd8 18. Rhd1 Bf5 19. Nd5+ Nxd5 20. Rxd5 Rxd5 21. Rxd5 Be6 22. Rd4 Rc8 23. Kd2 Rc5 24. Bf3 Rc7 25. b3 b5 26. a4 Bd7 27. axb5 axb5 28. Kc1 g5 29. Kb2 f6 30. h4 h6 31. Be2 Ke6 32. c4 bxc4 33. Bxc4+ Ke5 34. Kc3 Bc6 35. g3 f5 36. hxg5 hxg5 37. f4+ gxf4 38. gxf4+ Kf6 39. Kb4 Be4 40. Bd5 Bxd5 41. Rxd5 Rc1 42. Kb5 Rf1 43. Rd4 Re1 44. Kc5 Rc1+ 45. Kb6 Re1 46. b4 Ke6 47. Kc5 Rc1+ 48. Rc4 Rb1 49. Kc6 Rb2 50. b5 Ke7 51. b6 Kd8 52. b7 Rb1 53. Rd4+ Ke7 54. Rd5 Rc1+ 55. Kb6 1-0

[Event "Mittelrhein Verbandsliga Ost 1415"]
[Site "Mittelrhein"]
[Date "2015.02.01"]
[Round "7.8"]
[White "Ossowski, Rolf"]
[Black "Schreiber, Jan"]
[Result "1-0"]
[WhiteElo "1855"]
[BlackElo "1785"]
[PlyCount "45"]
[EventDate "2014.09.07"]
[EventType "team-tourn"]
[EventRounds "11"]
[EventCountry "GER"]
[SourceTitle "EXT 2023"]
[Source "ChessBase"]
[SourceDate "2022.10.05"]
[SourceVersion "1"]
[SourceVersionDate "2022.10.05"]
[SourceQuality "1"]
[WhiteTeam "Lohmar"]
[BlackTeam "Bonn Stadtverwaltung"]
[WhiteTeamCountry "GER"]
[BlackTeamCountry "GER"]

1. e4 d5 2. exd5 Qxd5 3. Nf3 Nf6 4. d4 Bg4 5. Be2 c6 6. h3 Bxf3 7. Bxf3 Qd8 8. 0-0 e6 9. Nc3 Be7 10. Re1 0-0 11. Bg5 Nbd7 12. Ne4 Nxe4 13. Bxe7 Qxe7 14. Bxe4 Rad8 15. Bd3 Nf6 16. c3 c5 17. dxc5 Qxc5 18. Qc2 Rd5 19. Rad1 Rfd8 20. Qe2 Qd6 21. Bc2 Rd2 22. Rxd2 Qxd2 23. Rd1 1-0

[Event "Troisdorf op"]
[Site "Troisdorf"]
[Date "2014.11.04"]
[Round "3"]
[White "Trube, Dieter"]
[Black "Ossowski, Rolf"]
[Result "0-1"]
[WhiteElo "2008"]
[BlackElo "1834"]
[PlyCount "52"]
[EventDate "2014.10.21"]
[EventType "swiss"]
[EventRounds "7"]
[EventCountry "GER"]
[SourceTitle "EXT 2016"]
[Source "ChessBase"]
[SourceDate "2015.10.08"]
[SourceVersion "1"]
[SourceVersionDate "2015.10.08"]
[SourceQuality "1"]

1. e4 c5 2. a3 g6 3. c3 Bg7 4. Nf3 b6 5. d4 Bb7 6. Bd3 e6 7. 0-0 Ne7 8. Re1 0-0 9. Bg5 f6 10. Bh4 Nbc6 11. dxc5 bxc5 12. Nbd2 d5 13. exd5 exd5 14. Bc2 Qb6 15. Rb1 Qc7 16. Bg3 Ne5 17. Nxe5 fxe5 18. Nf3 Rxf3 19. gxf3 Nf5 20. Bxf5 gxf5 21. Qc2 Rf8 22. Qa4 Bf6 23. f4 Bc6 24. Qd1 exf4 25. Bxf4 Qxf4 26. Re3 Bh4 0-1

[Event "Troisdorf op"]
[Site "Troisdorf"]
[Date "2014.10.28"]
[Round "2"]
[White "Ossowski, Rolf"]
[Black "Bussard, Christian"]
[Result "0-1"]
[WhiteElo "1834"]
[BlackElo "2137"]
[PlyCount "124"]
[EventDate "2014.10.21"]
[EventType "swiss"]
[EventRounds "7"]
[EventCountry "GER"]
[SourceTitle "EXT 2016"]
[Source "ChessBase"]
[SourceDate "2015.10.08"]
[SourceVersion "1"]
[SourceVersionDate "2015.10.08"]
[SourceQuality "1"]

1. e4 d5 2. exd5 Qxd5 3. Nf3 Bg4 4. Be2 Nd7 5. d4 0-0-0 6. 0-0 Ngf6 7. c4 Qf5 8. Nc3 e6 9. Qa4 Kb8 10. c5 e5 11. Be3 c6 12. d5 Nxc5 13. Bxc5 Bxc5 14. dxc6 e4 15. Qb5 Bb6 16. Qxf5 Bxf5 17. Ne5 Rd2 18. Rad1 Rxd1 19. Rxd1 Be6 20. cxb7 Kxb7 21. Bc4 e3 22. fxe3 Bxe3+ 23. Kf1 Bf4 24. Bxe6 Bxe5 25. Bd5+ Kb6 26. Bf3 Bxh2 27. Nd5+ Nxd5 28. Rxd5 Rc8 29. Ke2 Rc2+ 30. Rd2 Rc7 31. Be4 g6 32. Rc2 Re7 33. Kf3 f5 34. Bd5 Bg1 35. Rc6+ Kb5 36. Re6 Rc7 37. b3 Kc5 38. Bc4 Bd4 39. a4 Kb4 40. Rd6 Kc3 41. Be6 Re7 42. Kf4 Kd3 43. Bc4+ Kc3 44. Be6 Bc5 45. Rc6 Kd4 46. Kg5 Rb7 47. Bg8 Bb4 48. Rc4+ Ke5 49. Bxh7 Bd2+ 50. Kxg6 Rb6+ 51. Kf7 Rb7+ 52. Kg6 Be3 53. Bg8 Rb6+ 54. Kg7 Bh6+ 55. Kh7 Bf8 56. Rh4 Rb7+ 57. Kg6 Rg7+ 58. Kh5 Rxg8 59. Rc4 Rxg2 60. b4 f4 61. Kh4 f3 62. Kh3 Rg7 0-1

[Event "Mittelrhein Verbandsliga Ost 1314"]
[Site "Mittelrhein"]
[Date "2013.12.15"]
[Round "5.8"]
[White "Ossowski, Rolf"]
[Black "Henn, Peter"]
[Result "1-0"]
[WhiteElo "1811"]
[BlackElo "1735"]
[PlyCount "113"]
[EventDate "2013.09.15"]
[EventType "team-tourn"]
[EventRounds "11"]
[EventCountry "GER"]
[SourceTitle "EXT 2023"]
[Source "ChessBase"]
[SourceDate "2022.10.05"]
[SourceVersion "1"]
[SourceVersionDate "2022.10.05"]
[SourceQuality "1"]
[WhiteTeam "Lohmar"]
[BlackTeam "Godesberg IV"]
[WhiteTeamCountry "GER"]
[BlackTeamCountry "GER"]

1. e4 e6 2. d4 d5 3. Nc3 Nf6 4. e5 Nfd7 5. f4 c5 6. Nf3 Nc6 7. Be3 a6 8. Qd2 b5 9. Be2 Qb6 10. 0-0 cxd4 11. Nxd4 Nxd4 12. Bxd4 Bc5 13. Rad1 0-0 14. Bf3 Bb7 15. Kh1 Bxd4 16. Qxd4 Rac8 17. Rd2 b4 18. Ne2 a5 19. c3 Ba6 20. cxb4 axb4 21. Rb1 Rc7 22. Kg1 Rfc8 23. Qxb6 Nxb6 24. Kf2 Rc2 25. Ke1 Rxd2 26. Kxd2 Nc4+ 27. Ke1 f6 28. exf6 gxf6 29. Nd4 Kf7 30. a3 bxa3 31. bxa3 Rc7 32. a4 Ke7 33. Rb8 Nd6 34. Rh8 Bd3 35. f5 Bxf5 36. Nxf5+ Nxf5 37. Rxh7+ Kd6 38. Rxc7 Kxc7 39. Bg4 Ng7 40. h4 f5 41. h5 Ne8 42. h6 Nf6 43. Bh5 e5 44. Bg6 f4 45. h7 Nxh7 46. Bxh7 Kb6 47. Bd3 e4 48. Bb5 d4 49. Kd2 Kc5 50. Kc2 Kb4 51. Bc6 f3 52. gxf3 exf3 53. Kd2 Ka5 54. Bb5 Kb4 55. Kd3 Ka5 56. Kc4 f2 57. Kb3 1-0

[Event "Troisdorf op"]
[Site "Troisdorf"]
[Date "2013.11.12"]
[Round "4"]
[White "Ossowski, Rolf"]
[Black "Guelsen, Taylan"]
[Result "1-0"]
[WhiteElo "1804"]
[BlackElo "2044"]
[PlyCount "119"]
[EventDate "2013.10.22"]
[EventType "swiss"]
[EventRounds "7"]
[EventCountry "GER"]
[SourceTitle "EXT 2016"]
[Source "ChessBase"]
[SourceDate "2015.10.08"]
[SourceVersion "1"]
[SourceVersionDate "2015.10.08"]
[SourceQuality "1"]

1. e4 c5 2. Nf3 Nc6 3. c4 d6 4. d4 cxd4 5. Nxd4 Nf6 6. Nc3 e5 7. Nc2 Be7 8. Be2 0-0 9. 0-0 Be6 10. Be3 Rc8 11. Rc1 Nd7 12. Qd2 f5 13. exf5 Bxf5 14. Nd5 Nc5 15. f3 Ne6 16. Ncb4 Ned4 17. Rfd1 Kh8 18. Bf1 Be6 19. Nxc6 Nxc6 20. Nxe7 Qxe7 21. Qxd6 Qf7 22. Qd2 Rcd8 23. Qe1 Nd4 24. Bxd4 exd4 25. Bd3 b6 26. b3 Qf6 27. Qd2 Bf5 28. Bxf5 Qxf5 29. Qd3 Qc5 30. Re1 Rfe8 31. Kf1 h6 32. Rxe8+ Rxe8 33. Re1 Rd8 34. Qg6 Qf8 35. Qd3 Qf4 36. g3 Qg5 37. f4 Qh5 38. Kg2 Qa5 39. Re2 Qc3 40. Qxc3 dxc3 41. Kf2 Rd1 42. Rc2 Rb1 43. Ke2 Kh7 44. Kd3 Kg6 45. Kxc3 Kf5 46. Kb4 a6 47. Kc3 Re1 48. b4 Ke4 49. Kb2 Kd4 50. c5 bxc5 51. bxc5 Re7 52. c6 Rc7 53. Kb3 Kd5 54. Kb4 g5 55. fxg5 hxg5 56. h4 g4 57. Ka5 Ke4 58. Kb6 Rh7 59. c7 Rh6+ 60. Ka5 1-0

[Event "Mittelrhein Verbandsliga Ost 1314"]
[Site "Mittelrhein"]
[Date "2013.11.10"]
[Round "3.7"]
[White "Ossowski, Rolf"]
[Black "Hoefner, Christoph"]
[Result "1-0"]
[WhiteElo "1804"]
[BlackElo "1860"]
[PlyCount "105"]
[EventDate "2013.09.15"]
[EventType "team-tourn"]
[EventRounds "11"]
[EventCountry "GER"]
[SourceTitle "EXT 2023"]
[Source "ChessBase"]
[SourceDate "2022.10.05"]
[SourceVersion "1"]
[SourceVersionDate "2022.10.05"]
[SourceQuality "1"]
[WhiteTeam "Lohmar"]
[BlackTeam "Bruehl II"]
[WhiteTeamCountry "GER"]
[BlackTeamCountry "GER"]

1. e4 c5 2. Nf3 a6 3. c4 Nc6 4. d4 cxd4 5. Nxd4 Nf6 6. Nc3 e6 7. Nxc6 bxc6 8. e5 Ng8 9. Qd4 d5 10. exd6 Qxd6 11. Be3 Nf6 12. 0-0-0 Qxd4 13. Bxd4 Be7 14. Be2 c5 15. Be5 Bb7 16. Rhg1 0-0 17. Bd6 Bxd6 18. Rxd6 Rfd8 19. Rxd8+ Rxd8 20. Na4 Rc8 21. Rd1 Kf8 22. f3 Ke7 23. Rd3 Nd7 24. Rb3 Bc6 25. Nc3 Rb8 26. Rxb8 Nxb8 27. Bd3 h6 28. Kc2 Nd7 29. a3 a5 30. Kb3 Nb6 31. Ne4 Bxe4 32. Bxe4 Kd6 33. Kc3 g5 34. b4 axb4+ 35. axb4 cxb4+ 36. Kxb4 Nd7 37. g4 Kc7 38. c5 Ne5 39. Kc3 f5 40. gxf5 exf5 41. Bd5 h5 42. Kd4 Ng6 43. Bf7 Nf4 44. Ke5 Kc6 45. Kxf5 Nh3 46. Bxh5 Kxc5 47. Kg4 Nf2+ 48. Kxg5 Kd6 49. Kf6 Nh3 50. Bg4 Nf4 51. h4 Nd5+ 52. Kf7 Ke5 53. h5 1-0

[Event "Verbandsliga Mittelrhein-Ost 1213"]
[Site "Germany"]
[Date "2013.03.03"]
[Round "8.7"]
[White "Ossowski, Rolf"]
[Black "Bauer, Mirko"]
[Result "1-0"]
[WhiteElo "1732"]
[BlackElo "1735"]
[PlyCount "77"]
[EventDate "2012.09.09"]
[EventType "team"]
[EventRounds "11"]
[EventCountry "GER"]
[SourceTitle "EXT 2015"]
[Source "ChessBase"]
[SourceDate "2014.11.20"]
[SourceVersion "1"]
[SourceVersionDate "2014.11.20"]
[SourceQuality "1"]
[WhiteTeam "Lohmar"]
[BlackTeam "Troisdorf"]
[WhiteTeamCountry "GER"]
[BlackTeamCountry "GER"]

1. e4 c5 2. Nf3 Nc6 3. d4 cxd4 4. Nxd4 Nf6 5. Nc3 e5 6. Ndb5 d6 7. Bg5 a6 8. Na3 b5 9. Nd5 Be7 10. Bxf6 Bxf6 11. c3 0-0 12. Nc2 Bg5 13. a4 bxa4 14. Rxa4 a5 15. Bc4 Be6 16. 0-0 Ne7 17. b4 Nxd5 18. Bxd5 Bxd5 19. Qxd5 axb4 20. Rxa8 Qxa8 21. Qxa8 Rxa8 22. cxb4 Ra2 23. Ra1 Rxa1+ 24. Nxa1 Kf8 25. Kf1 Ke8 26. Ke2 Kd7 27. Kd3 Kc6 28. Kc4 g6 29. Nc2 Bc1 30. g4 h6 31. b5+ Kb6 32. Nb4 Ba3 33. Nd5+ Kb7 34. Nf6 Bc5 35. f3 Kc7 36. Kd5 Kb6 37. Ne8 Kxb5 38. Nxd6+ Kb6 39. Nxf7 1-0

[Event "Troisdorf op"]
[Site "Troisdorf"]
[Date "2012.11.27"]
[Round "6"]
[White "Ossowski, Rolf"]
[Black "Bussard, Christian"]
[Result "0-1"]
[WhiteElo "1732"]
[BlackElo "2106"]
[PlyCount "49"]
[EventDate "2012.10.23"]
[EventType "swiss"]
[EventRounds "7"]
[EventCountry "GER"]
[SourceTitle "EXT 2014"]
[Source "ChessBase"]
[SourceDate "2013.11.20"]
[SourceVersion "1"]
[SourceVersionDate "2013.11.20"]
[SourceQuality "1"]

1. e4 c5 2. Nf3 d6 3. d4 cxd4 4. Nxd4 e5 5. Nb3 Nf6 6. Nc3 Be7 7. Bg5 0-0 8. Bxf6 Bxf6 9. h4 h6 10. g3 Nc6 11. Nd5 Be6 12. c3 Be7 13. Qd2 f5 14. Nxe7+ Qxe7 15. exf5 Rxf5 16. Bh3 Rf6 17. Bxe6+ Qxe6 18. 0-0-0 Raf8 19. Rhe1 Rxf2 20. Qxd6 Qg4 21. Qd7 Qxg3 22. Qxb7 Qf4+ 23. Kb1 Qh2 24. Nc1 Rb8 25. Rd8+ 0-1

[Event "Troisdorf op"]
[Site "Troisdorf"]
[Date "2012.11.13"]
[Round "4"]
[White "Gillar, Frank"]
[Black "Ossowski, Rolf"]
[Result "0-1"]
[WhiteElo "1512"]
[BlackElo "1732"]
[PlyCount "42"]
[EventDate "2012.10.23"]
[EventType "swiss"]
[EventRounds "7"]
[EventCountry "GER"]
[SourceTitle "EXT 2014"]
[Source "ChessBase"]
[SourceDate "2013.11.20"]
[SourceVersion "1"]
[SourceVersionDate "2013.11.20"]
[SourceQuality "1"]

1. d4 Nf6 2. c4 g6 3. Nc3 Bg7 4. e4 d6 5. f3 0-0 6. Be3 e5 7. Nge2 a6 8. Qd2 exd4 9. Bxd4 Nc6 10. Nd5 Nxd4 11. Nxd4 Nxd5 12. cxd5 f5 13. Ne6 Bxe6 14. dxe6 fxe4 15. Bc4 Kh8 16. fxe4 Qh4+ 17. g3 Qxe4+ 18. Qe2 Qxh1+ 19. Kd2 Qxa1 20. e7 Qxb2+ 21. Kd3 Qxe2+ 0-1

[Event "Mittelrhein Verbandsliga-O 1112"]
[Site "Germany"]
[Date "2012.02.26"]
[Round "7"]
[White "Ossowski, Rolf"]
[Black "Wagner, Thorsten"]
[Result "1/2-1/2"]
[WhiteElo "1724"]
[BlackElo "1732"]
[PlyCount "33"]
[EventDate "2011.09.18"]
[EventType "team-tourn"]
[EventRounds "11"]
[EventCountry "GER"]
[SourceTitle "EXT 2013"]
[Source "ChessBase"]
[SourceDate "2012.11.22"]
[SourceVersion "1"]
[SourceVersionDate "2012.11.22"]
[SourceQuality "1"]
[WhiteTeam "Lohmar"]
[BlackTeam "Erftstadt SV"]
[WhiteTeamCountry "GER"]
[BlackTeamCountry "GER"]

1. e4 d5 2. exd5 Qxd5 3. Nf3 Nf6 4. Be2 Nc6 5. 0-0 Bf5 6. d4 e6 7. c4 Qd8 8. Nc3 Be7 9. h3 0-0 10. Be3 Ne4 11. Nxe4 Bxe4 12. Ne5 Nxe5 13. dxe5 Qxd1 14. Rfxd1 Rfd8 15. Rxd8+ Rxd8 16. Rd1 Rxd1+ 17. Bxd1 1/2-1/2

[Event "Troisdorf op"]
[Site "Troisdorf"]
[Date "2011.12.06"]
[Round "7"]
[White "Bauer, Mirko"]
[Black "Ossowski, Rolf"]
[Result "0-1"]
[WhiteElo "1730"]
[BlackElo "1713"]
[PlyCount "90"]
[EventDate "2011.10.25"]
[EventType "swiss"]
[EventRounds "7"]
[EventCountry "GER"]
[SourceTitle "EXT 2013"]
[Source "ChessBase"]
[SourceDate "2012.11.22"]
[SourceVersion "1"]
[SourceVersionDate "2012.11.22"]
[SourceQuality "1"]

1. d4 Nf6 2. c4 g6 3. Nc3 Bg7 4. e4 d6 5. Nf3 0-0 6. Be2 c6 7. 0-0 e5 8. d5 Na6 9. Ne1 Nc5 10. f3 cxd5 11. cxd5 a5 12. Be3 Nfd7 13. Nb5 Qe7 14. Rc1 f5 15. Qc2 b6 16. Nc7 Ra7 17. Ne6 Nxe6 18. dxe6 Nc5 19. a3 Bxe6 20. b4 axb4 21. axb4 Nb3 22. Rb1 Nd4 23. Bxd4 exd4 24. Nd3 Bh6 25. Ra1 Be3+ 26. Kh1 Rc8 27. Qb2 Rca8 28. Rxa7 Qxa7 29. e5 Qa2 30. exd6 Qxb2 31. Nxb2 Rd8 32. Nc4 Bxc4 33. Bxc4+ Kg7 34. Ra1 Rxd6 35. Ra7+ Kf6 36. g3 d3 37. f4 g5 38. fxg5+ Bxg5 39. Ra1 Ke5 40. Rd1 Ke4 41. Kg2 Rd4 42. Ba6 d2 43. b5 Kd3 44. Bb7 Rb4 45. Kf2 Kc2 0-1